[Event "Despretensiosamente"]
[Site "http://www.queenalice.com/game.php?id=1540638"]
[Date "2018.8.30"]
[Round "-"]
[White "caradepau"]
[Black "Tantalo"]
[Result "0-1"]
[WhiteElo "1626"]
[BlackElo "1534"]

1. e4 e5 2. Bc4 Nf6 3. d3 Bc5 4. h3 Nc6 5. a3 d5 6. exd5 Nxd5 7. Bxd5 Qxd5 8.
Nf3 Bf5 9. Nc3 Bxf2+ 10. Kxf2 Qc5+ 11. Be3 Nd4 12. Bxd4 exd4 13. Re1+ Be6 14.
Na4 Qd5 15. c4 dxc3 16. Nxc3 Qd8 17. Qd2 O-O 18. Ng5 Qd4+ 19. Kf1 Rae8 20. Nxe6
fxe6+ 21. Ke2 Rf2+ 22. Kd1 Rxd2+ 23. Kxd2 Qf2+ 24. Re2 Qf4+ 25. Kc2 c5 26. b4
cxb4 27. axb4 a6 28. b5 axb5 29. Nxb5 Rc8+ 30. Kb3 Qg5 31. Ra5 Qd5+ 32. Kb4 Qxd3
33. Rxe6 Qc4+ 34. Ka3 Qxe6 35. Nd4 Qd6+ 36. Ka4 Rc4+ 37. Kb3 Qb4+ 38. Ka2 Qxa5+
39. Kb3 Qb4+ 40. Ka2 Qb6 41. Ka3 Rc8 42. g4 Ra8# 0-1

[Event "Challenge"]
[Site "http://www.queenalice.com/game.php?id=1541393"]
[Date "2018.9.7"]
[Round "-"]
[White "Bigchess"]
[Black "Tantalo"]
[Result "0-1"]
[WhiteElo "1739"]
[BlackElo "1507"]

1. d4 d5 2. Nf3 Nf6 3. e3 Nc6 4. Nc3 Bf5 5. Bd3 Bxd3 6. cxd3 e6 7. Qe2 Bd6 8.
Bd2 Qe7 9. a3 O-O-O 10. b4 e5 11. dxe5 Nxe5 12. Nxe5 Bxe5 13. d4 Bd6 14. Nb5 Kb8
15. Nxd6 Rxd6 16. a4 Ne4 17. Bc1 Rf6 18. Rf1 Qxb4+ 19. Bd2 Qb2 20. Rc1 Rc6 21.
Rxc6 Qxd2+ 22. Qxd2 Nxd2 23. Kxd2 bxc6 24. Rb1+ Kc8 25. h4 h5 26. f4 f5 27. Kd3
a5 28. g3 Kd7 29. Rb7 Ra8 30. Rb3 Kd6 31. Rb2 c5 32. dxc5+ Kxc5 33. Rb5+ Kd6 34.
Kd4 c6 35. Rb7 c5+ 36. Kd3 Kc6 37. Rxg7 Rb8 38. Rg5 Rb3+ 39. Kd2 Ra3 40. Rxf5
Rxa4 41. Rxh5 Ra2+ 42. Kd3 c4+ 43. Kd4 Rd2+ 44. Kc3 Rd3+ 45. Kc2 a4 46. f5 Rxe3
47. g4 d4 48. Rh6+ Kb5 49. Re6 Rc3+ 50. Kb2 a3+ 51. Ka2 Rc2+ 52. Kxa3 Rc3+ 53.
Kb2 Rb3+ 54. Kc2 d3+ 0-1

[Event "xadrez brasileiro"]
[Site "http://www.queenalice.com/game.php?id=1541394"]
[Date "2018.9.7"]
[Round "-"]
[White "antcabral"]
[Black "Tantalo"]
[Result "1-0"]
[WhiteElo "1840"]
[BlackElo "1546"]

1. e4 e5 2. Nf3 Nc6 3. Bc4 h6 4. Nc3 Nf6 5. a3 Bc5 6. O-O Ng4 7. Qe2 Bxf2+ 8.
Rxf2 Nxf2 9. Qxf2 d6 10. d3 Na5 11. Ng5 Qf6 12. Nf3 a6 13. Qg3 Be6 14. Bxe6 fxe6
15. Be3 O-O-O 16. Rf1 Nc6 17. b4 d5 18. Nh4 Qe7 19. Ng6 Qd6 20. Nxh8 Rxh8 21.
exd5 exd5 22. Qxg7 Qd8 23. Na4 h5 24. Nc5 1-0

[Event "xadrez brasileiro II"]
[Site "http://www.queenalice.com/game.php?id=1541395"]
[Date "2018.9.7"]
[Round "-"]
[White "fornery"]
[Black "Tantalo"]
[Result "1-0"]
[WhiteElo "1816"]
[BlackElo "1531"]

1. e4 e5 2. Bc4 Nf6 3. d3 Nc6 4. g4 d5 5. exd5 Nxd5 6. c3 Be6 7. Qb3 Na5 8. Qb5+
c6 9. Qa4 Bxg4 10. Bxd5 Qxd5 11. Qxg4 Qxd3 12. Ne2 g6 13. Bg5 Qc4 14. Qg3 Bd6
15. Bf6 Qe4 16. f3 Qe3 17. Bxh8 O-O-O 18. Bf6 Re8 19. Qh3+ Kb8 20. Qxh7 Rf8 21.
Nd2 c5 22. h4 Nc6 23. Bg7 1-0

[Event "Despretensiosamente III"]
[Site "http://www.queenalice.com/game.php?id=1542642"]
[Date "2018.9.17"]
[Round "-"]
[White "otavio01"]
[Black "Tantalo"]
[Result "1-0"]
[WhiteElo "1792"]
[BlackElo "1552"]

1. e4 e5 2. Bc4 Nf6 3. Nc3 Bc5 4. h3 Nc6 5. Nf3 d6 6. d3 Qe7 7. O-O a6 8. Ng5
Be6 9. Bxe6 fxe6 10. a3 O-O-O 11. Qg4 Nxg4 12. hxg4 Nd4 13. Ra2 Nxc2 14. b4 Nxb4
15. axb4 Bxb4 16. Ne2 d5 17. Nf3 dxe4 18. dxe4 h5 19. Bg5 Qd6 20. Bxd8 Qxd8 21.
Nxe5 Qh4 22. Ng6 Qxg4 23. Nxh8 Qxe4 24. Nf7 e5 25. Rd1 Kb8 26. Ng3 Qc4 27. Rb2
Ba3 28. Nxe5 Qa4 29. Rbd2 h4 30. Nf5 Qf4 31. Nd7+ Ka7 32. Ne3 1-0

[Event "Sereno"]
[Site "http://www.queenalice.com/game.php?id=1542810"]
[Date "2018.9.19"]
[Round "-"]
[White "Consultti"]
[Black "Tantalo"]
[Result "0-1"]
[WhiteElo "1742"]
[BlackElo "1523"]

1. e4 e5 2. Nf3 Nc6 3. c3 Nf6 4. Bb5 Nxe4 5. Qb3 Qf6 6. d3 Nxf2 7. Kxf2 Bc5+ 8.
Ke2 h6 9. Re1 a6 10. Bc4 d6 11. Bxf7+ Qxf7 12. Qa4 Bd7 13. Nbd2 Nd4+ 14. Nxd4
Bxa4 15. b3 exd4 16. Kd1+ Kd7 17. cxd4 Bxd4 18. Rb1 Rhe8 19. Rf1 Qh5+ 20. Kc2
Bc6 21. Nc4 Bxg2 22. Rf4 Be5 23. Rf2 Qxh2 24. Rf7+ Re7 25. Rf2 Rae8 26. Be3 Bg3
27. Rd2 Bf4 28. Bg1 Qh3 29. Rf2 Re2+ 30. Rxe2 Rxe2+ 31. Kc3 Be4 0-1

[Event "inter I"]
[Site "http://www.queenalice.com/game.php?id=1544162"]
[Date "2018.9.29"]
[Round "-"]
[White "saturnin"]
[Black "Tantalo"]
[Result "1-0"]
[WhiteElo "1675"]
[BlackElo "1542"]

1. Na3 e5 2. Nc4 e4 3. e3 d5 4. Na5 Bb4 5. Nb3 Nf6 6. Ne2 Nc6 7. c3 Bd6 8. a4
Qe7 9. Qc2 Bf5 10. Ned4 Bd7 11. Nb5 O-O 12. d3 a6 13. Nxd6 Qxd6 14. dxe4 dxe4
15. Nd2 Qc5 16. Nxe4 Nb4 17. Nxf6+ gxf6 18. Qb3 Bf5 19. h3 b6 20. cxb4 Qd6 21.
Be2 Be6 22. Qc3 1-0

[Event "Challenge"]
[Site "http://www.queenalice.com/game.php?id=1544192"]
[Date "2018.9.30"]
[Round "-"]
[White "CCapivara"]
[Black "Tantalo"]
[Result "1-0"]
[WhiteElo "2271"]
[BlackElo "1526"]

1. e4 e5 2. f4 exf4 3. Nf3 Nf6 4. e5 Nh5 5. Bc4 d5 6. exd6 Bxd6 7. O-O Be6 8.
Bxe6 fxe6 9. Nd4 e5 10. Qxh5+ g6 11. Qe2 Qe7 12. Nb3 Nc6 13. Nc3 O-O-O 14. d3
Bc5+ 15. Nxc5 Qxc5+ 16. Kh1 g5 17. Ne4 Qe7 18. Qg4+ Kb8 19. Qxg5 Rd7 20. Bd2 Nd4
21. Qxe7 Rxe7 22. c3 Nc2 23. Rac1 Ne3 24. Bxe3 fxe3 25. Rce1 e2 26. Rxe2 h5 27.
Ref2 a6 28. Rf8+ Rxf8 29. Rxf8+ Ka7 30. Kg1 h4 31. Kf2 Rd7 32. Ke3 Rg7 33. g3
hxg3 34. hxg3 Rh7 35. Re8 Rh2 36. Nf2 Rh5 37. g4 Rg5 38. Ke4 Kb6 39. Rxe5 1-0

[Event "Challenge"]
[Site "http://www.queenalice.com/game.php?id=1544208"]
[Date "2018.9.30"]
[Round "-"]
[White "Kai30"]
[Black "Tantalo"]
[Result "1-0"]
[WhiteElo "2093"]
[BlackElo "1554"]

1. e4 e5 2. Nf3 Nc6 3. Bb5 Qf6 4. Nc3 Bc5 5. d3 a6 6. Ba4 Bd4 7. Nd5 Qe6 8.
Nxc7+ Kf8 9. Nxe6+ Ke7 10. Nxg7 b5 11. Nf5+ Kd8 12. Bg5+ f6 13. N3xd4 bxa4 14.
Nxc6+ dxc6 15. Be3 h5 16. Qd2 Bxf5 17. exf5 Kc7 18. Qa5+ Kd7 19. O-O-O Rb8 20.
d4 exd4 21. Rxd4+ Ke7 22. Qc7+ 1-0

[Event "OS INCLIVES"]
[Site "http://www.queenalice.com/game.php?id=1545263"]
[Date "2018.10.8"]
[Round "-"]
[White "adelio"]
[Black "Tantalo"]
[Result "1-0"]
[WhiteElo "1327"]
[BlackElo "1548"]

1. d4 d5 2. e4 dxe4 3. Nc3 Nf6 4. f3 exf3 5. Nxf3 Bf5 6. Ne5 Be6 7. b3 Qd6 8.
Nxf7 Bxf7 9. Be2 Nc6 10. Be3 e5 11. Nb5 Qd7 12. dxe5 Qxd1+ 13. Rxd1 Nxe5 14.
Nxc7+ Ke7 15. Bc5# 1-0

[Event "AUTO-OPEN-3983"]
[Site "http://www.queenalice.com/game.php?id=1545696"]
[Date "2018.10.12"]
[Round "1"]
[White "Givanildo"]
[Black "Tantalo"]
[Result "1-0"]
[WhiteElo "1621"]
[BlackElo "1467"]

1. d4 d5 2. Bf4 Bf5 3. e3 Nc6 4. a3 a6 5. Nc3 Nf6 6. h3 h6 7. b4 e6 8. b5 Na5 9.
bxa6 bxa6 10. Be2 Bd6 11. Bxd6 Qxd6 12. Na4 Ne4 13. Nf3 Nc4 14. Bxc4 dxc4 15.
O-O O-O 16. Ne5 c5 17. Nxc5 Nxc5 18. Nxc4 Qc7 19. dxc5 Qxc5 20. Qe2 Rfc8 21. Nb2
Qxc2 22. Qxc2 Bxc2 23. a4 Rab8 24. Ra2 a5 25. Nd1 Rb1 26. Nb2 Bb3 27. Rxb1 Bxa2
28. Ra1 Bb3 29. Nd3 Rc4 30. Ne5 Rxa4 31. Rxa4 Bxa4 32. Nc4 1-0

[Event "AUTO-OPEN-3983"]
[Site "http://www.queenalice.com/game.php?id=1545697"]
[Date "2018.10.12"]
[Round "1"]
[White "Tantalo"]
[Black "Givanildo"]
[Result "0-1"]
[WhiteElo "1478"]
[BlackElo "1610"]

1. e4 d5 2. exd5 Qxd5 3. Nc3 Qe6+ 4. Qe2 Qxe2+ 5. Bxe2 Bf5 6. d3 e6 7. Nf3 h6 8.
Bf4 Nd7 9. Bxc7 Rc8 10. Be5 Nxe5 11. Nxe5 Bb4 12. a3 Bxc3+ 13. bxc3 Rxc3 14. Ra2
Ne7 15. O-O O-O 16. a4 a5 17. Rb1 Nd5 18. Rxb7 Nf4 19. Bd1 Bg6 20. d4 Bh7 21. g3
Nh3+ 22. Kg2 Bf5 23. Rb3 Rc7 24. f4 f6 25. g4 Nxf4+ 26. Kf3 fxe5 27. gxf5 Rxf5
28. dxe5 Nd3+ 29. Ke3 Nxe5 30. h3 g5 31. Rb5 Rd7 32. Bg4 Nxg4+ 0-1

[Event "AUTO-OPEN-3983"]
[Site "http://www.queenalice.com/game.php?id=1545726"]
[Date "2018.10.12"]
[Round "1"]
[White "cajuchos"]
[Black "Tantalo"]
[Result "1-0"]
[WhiteElo "1351"]
[BlackElo "1500"]

1. d4 d5 2. Bf4 Bf5 3. e3 Nc6 4. Bd3 Bxd3 5. Qxd3 e6 6. Nd2 Nb4 7. Qc3 Qd7 8. a3
Nc6 9. Ndf3 O-O-O 10. Ne2 h6 11. h3 Nf6 12. Ne5 Nxe5 13. Bxe5 Bd6 14. f4 Ne4 15.
Qd3 f6 16. Bxd6 Qxd6 17. c4 Qa6 18. Rc1 f5 19. O-O g5 20. Rfd1 Rhg8 21. cxd5
Qxd3 22. Rxd3 exd5 23. Nc3 c6 24. Nxe4 fxe4 25. Rd2 h5 26. f5 Kd7 27. g4 hxg4
28. hxg4 Rh8 29. Rf1 Rh3 30. Rh2 1-0

[Event "AUTO-OPEN-3983"]
[Site "http://www.queenalice.com/game.php?id=1545727"]
[Date "2018.10.12"]
[Round "1"]
[White "Tantalo"]
[Black "cajuchos"]
[Result "0-1"]
[WhiteElo "1417"]
[BlackElo "1373"]

1. e4 c5 2. Bc4 e6 3. Nc3 g6 4. e5 Nc6 5. Nf3 Bg7 6. Qe2 d5 7. exd6 Qxd6 8. Ne4
Qc7 9. a3 Qb6 10. c3 Nf6 11. Nd6+ Ke7 12. Ne5 Kxd6 13. Nxf7+ Kc7 14. Nxh8 Bxh8
15. Bxe6 Bxe6 16. Qxe6 Re8 17. Qxe8 Nxe8 18. O-O Nd6 19. Rb1 a5 20. b3 c4 21. b4
axb4 22. cxb4 Qa7 23. Re1 Bd4 24. Re2 b5 25. g3 Qxa3 26. Bxa3 Ne5 27. Bb2 Bxb2
28. Rxb2 Nc6 0-1

[Event "AUTO-INT-3379"]
[Site "http://www.queenalice.com/game.php?id=1545940"]
[Date "2018.10.15"]
[Round "1"]
[White "manucies"]
[Black "Tantalo"]
[Result "1-0"]
[WhiteElo "1569"]
[BlackElo "1427"]

1. e4 e5 2. Nf3 Nc6 3. Nc3 Nf6 4. d4 exd4 5. Nxd4 Nxd4 6. Qxd4 c5 7. Qd1 Bd6 8.
Qxd6 Qb6 9. Qxb6 axb6 10. Nd5 Nxd5 11. exd5 h6 12. Bc4 d6 13. Bb5+ Ke7 14. O-O
Rd8 15. Re1+ Kf8 16. Bf4 g5 17. Be3 Bf5 18. Bd3 Bxd3 19. cxd3 b5 20. g4 Re8 21.
d4 cxd4 22. Bxd4 Rxe1+ 23. Rxe1 Rxa2 24. Rc1 1-0

[Event "AUTO-INT-3379"]
[Site "http://www.queenalice.com/game.php?id=1545941"]
[Date "2018.10.15"]
[Round "1"]
[White "Tantalo"]
[Black "manucies"]
[Result "0-1"]
[WhiteElo "1438"]
[BlackElo "1558"]

1. e4 e5 2. Nf3 Nc6 3. Nc3 Nf6 4. Bc4 Bb4 5. Ng5 O-O 6. Bxf7+ Rxf7 7. Nxf7 Qe7
8. Nxe5 Nxe5 9. a3 Bxc3 10. bxc3 Nxe4 11. O-O d6 12. Re1 d5 13. Re3 Ng4 14. Re1
Ngxf2 15. Qe2 Qc5 16. d4 Qd6 17. c4 c6 18. c5 Qg6 19. g3 Nh3+ 20. Kg2 Bg4 21.
Qd3 Rf8 22. Rf1 Nef2 0-1

[Event "AUTO-INT-3379"]
[Site "http://www.queenalice.com/game.php?id=1545956"]
[Date "2018.10.15"]
[Round "1"]
[White "Tantalo"]
[Black "Quanah4"]
[Result "0-1"]
[WhiteElo "1513"]
[BlackElo "1585"]

1. e4 c5 2. Nf3 g6 3. Bc4 Bg7 4. d3 e6 5. Nc3 Ne7 6. Bf4 Nbc6 7. Nb5 d6 8. Nxd6+
Kf8 9. Ng5 Rg8 10. Ngxf7 Qa5+ 11. c3 b5 12. Bxb5 a6 13. Bxc6 Rb8 14. Nc4 Nxc6
15. Nxa5 Rxb2 16. Qc1 Rb6 0-1

[Event "AUTO-INT-3379"]
[Site "http://www.queenalice.com/game.php?id=1545957"]
[Date "2018.10.15"]
[Round "1"]
[White "Quanah4"]
[Black "Tantalo"]
[Result "1-0"]
[WhiteElo "1571"]
[BlackElo "1527"]

1. c4 e5 2. g3 Bc5 3. Bg2 Nf6 4. Nc3 Ng4 5. e3 d6 6. h3 Nf6 7. Nge2 O-O 8. O-O
Be6 9. d4 exd4 10. exd4 Bb4 11. Bxb7 Bxc4 12. Bxa8 c6 13. a3 Bxc3 14. bxc3 c5
15. Re1 Bd5 16. Bxd5 Nxd5 17. c4 1-0

[Event "AUTO-INT-3379"]
[Site "http://www.queenalice.com/game.php?id=1545958"]
[Date "2018.10.15"]
[Round "1"]
[White "Tantalo"]
[Black "saturnin"]
[Result "0-1"]
[WhiteElo "1457"]
[BlackElo "1614"]

1. e4 a6 2. d4 b5 3. e5 d5 4. exd6 Qxd6 5. Nf3 Bb7 6. Nc3 Nf6 7. Be2 e6 8. O-O
Nd5 9. Ne4 Qc6 10. Ne5 Qb6 11. c3 Be7 12. c4 bxc4 13. Nxc4 Qc6 14. Qb3 O-O 15.
Na5 Qb6 16. Qa4 c6 17. Rd1 Nd7 18. Rb1 f5 19. Nd2 Bd8 20. Ndc4 Qc7 21. g3 N5b6
22. Bf4 Qc8 23. Qb3 g5 24. Nd6 Qb8 25. Ndxb7 gxf4 26. Qxe6+ Kh8 27. Nxc6 Qxb7
0-1

[Event "AUTO-INT-3379"]
[Site "http://www.queenalice.com/game.php?id=1545959"]
[Date "2018.10.15"]
[Round "1"]
[White "saturnin"]
[Black "Tantalo"]
[Result "1-0"]
[WhiteElo "1624"]
[BlackElo "1447"]

1. b4 e5 2. a3 d5 3. Bb2 e4 4. e3 Nf6 5. d3 exd3 6. Bxd3 Nc6 7. Nf3 a6 8. O-O
Be7 9. h3 h6 10. Nh4 Be6 11. Nf5 Bxf5 12. Bxf5 Qd6 13. g3 g6 14. Bd3 Ne5 15. Be2
O-O-O 16. g4 Ne4 17. f4 Nc6 18. Bd3 Rhg8 19. c3 f5 20. Kg2 Kb8 21. Bxe4 Qe6 22.
Bf3 Bf6 23. a4 Nxb4 24. Ra3 Nc6 25. Qd2 Be7 26. Ra1 Bc5 27. Re1 Na5 28. Kf2 Nc4
29. Qe2 1-0